02168nam a2200325Ia 4500003000400000005001700004008004100021020001400062040000700076041001200083082001800095100002800113245008000141250000600221260004300227300001600270365001700286520058500303650002000888650002200908906004100930942001200971999001900983952014701002952014701149952013901296952013601435952013601571952013501707OSt20250722113025.0210423s2005 xx 000 0 und d a812291875 cAL aEnglish a070.44 bWULB aTim Wulfemeyer K963862 aBeginning radio T V newswritingb: a self-instructional learning experience a4 aNew DelhibSurjeeth Publicationsc2005 axvi,135bPB cINRb1446.00 aThe fifth edition of this bestselling text instructs students on the basic styles, principles, and techniques of radio and TV newswriting. It makes an ideal supplement to basic newswriting texts or radio and TV industry texts. Offers clear instruction, examples and exercises to guide beginning students in correct radio and TV news style Fully updated and with even more examples, exercises and tests the author has extensive radio and TV news experience, both on-the-air and behind the scenes as a producer, news writer, videographer, newscaster, sportscaster, host and reporter aFeatures963863 aJournalism963864 aBeginning ; newswriting. ; radio ; T 2ddccBK c155481d155481 00102ddc40708MAJMCaSACPGbSACPGd2008-07-09eHigginbothams Pvt Ltdg250.00l0o070.44 WULBpPG001953r2022-08-24 00:00:00w2021-04-26yBK 00102ddc40708MAJMCaSACPGbSACPGd2008-07-09eHigginbothams Pvt Ltdg250.00l0o070.44 WULBpPG001954r2021-04-26 00:00:00w2021-04-26yBK 00102ddc40708MAJMCaSACPGbSACPGd2008-10-01eAthulya Booksg250.00l0o070.44 WULBpPG002721r2022-08-24 00:00:00w2021-04-26yBK 001040708MAJMCaSACPGbSACPGd2009-09-11eIntel Book Distributersl0o070.44 WULKpPG003523r2022-08-24 00:00:00w2021-04-26yBK 001040708MAJMCaSACPGbSACPGd2009-09-11eIntel Book Distributersl0o070.44 WULKpPG003524r2022-08-24 00:00:00w2021-04-26yBK 001040708MAJMCaSACPGbSACPGd2010-07-09eAthulya Booksg1446.00l0o070.44 WULKpPG004608r2022-08-24 00:00:00w2021-04-26yBK